Instructissima bibliotheca manualis concionatoria in qua de virtutibus, vitiis sacramentis, novissimis aliisque tractari ...

Detalles Bibliográficos
Autor principal: LOHNER, Tobías
Formato: Libro
Publicado: 1722
Materias:
Colección:Banco de datos
Acervo:Biblioteca del Museo Regional de Querétaro. INAH. Querétaro
Tema general:Moral
Notas:Regular. 3A8, 4.
LEADER 00717nam a22001930004500
035 |a 22060 
036 |a 545 
100 1 |a LOHNER, Tobías 
245 1 0 |a Instructissima bibliotheca manualis concionatoria in qua de virtutibus, vitiis sacramentis, novissimis aliisque tractari ... 
260 |b Hertziana imp.  |c 1722 
500 |a Regular. 3A8, 4. 
650 1 0 |a Moral 
949 |a C.R.Q. 
959 |a Ex convento Grande de San Francisco de la ciudad de Querétaro, Museo Regional de Querétaro  |b CCC2 
960 |a Convento Grande de San Francisco de la ciudad de Querétaro  |b DD68 
961 |a Franciscana  |b OF 
942 |c C.R.Q. 
943 |g Biblioteca del Museo Regional de Querétaro. INAH. Querétaro 
999 |c 978376  |d 978376